|
|
|
|
| LEADER |
00000nab a2200000 ar4500 |
| 001 |
vtls008419345 |
| 003 |
SK-MaSNL |
| 005 |
20260303070058.0 |
| 008 |
051216c2005 xo mr|p|||||||000 b|slo |
| 015 |
|
|
|a SNBRB2005/12
|
| 038 |
|
|
|a SNSK
|
| 040 |
|
|
|a SNSK
|b slo
|c SNSK
|e AACR2
|
| 041 |
0 |
|
|a slo
|
| 044 |
|
|
|a xo
|c SK
|
| 080 |
|
|
|a 353.9
|x (437.6)
|2 UDC-MRF-SK2
|
| 080 |
|
|
|a 324
|x (437.6)
|2 UDC-MRF-SK2
|
| 100 |
1 |
|
|a Šimončič, Andrej
|4 aut
|9 723509
|
| 245 |
1 |
0 |
|a Je nám to fuk
|b Slovensko má nových županov, život ide ďalej
|c Andrej Šimončič
|
| 300 |
|
|
|b Fotogr.
|
| 650 |
0 |
7 |
|a vyššie územné celky
|2 snsk
|9 28700
|
| 650 |
0 |
7 |
|a župani samosprávnych krajov
|2 snsk
|9 30616
|
| 650 |
0 |
7 |
|a voľby
|2 snsk
|9 1580
|
| 773 |
0 |
|
|t Život
|g Roč. 55, č. 51 (2005), s.10-12
|x 0139-6323
|
| 852 |
|
|
|a SNSK
|b KIS3GCP
|
| 999 |
|
|
|c 1753852
|d 1755782
|